| 000 | 00717nam a2200229Ia 4500 | ||
|---|---|---|---|
| 003 | IN-BaIIA | ||
| 008 | 211028s9999 xx 000 0 eng d | ||
| 020 | _a0-8243-091 | ||
| 040 | _cIIA Library | ||
| 080 |
_a047.1:52 _bARA-3 |
||
| 245 | 0 |
_aAnnual reviews of astronomy and astrophysics _bvol. 3 _cedited by Leo Goldberg, Armin J. Deutsch and David Layzer |
|
| 260 |
_aCalifornia _bAnnual Reviews _c1965 |
||
| 300 | _avii,438p | ||
| 650 |
_aAstronomy _980 |
||
| 650 |
_aAstronomy and Astrophysics Thesaurus _91143 |
||
| 650 |
_aAstrophysics _9794 |
||
| 650 |
_aPeriodicals _98949 |
||
| 700 |
_aDeustsch, Armin J. _98950 |
||
| 700 |
_aGoldberg, Leo, ed. _94090 |
||
| 700 |
_aLayzer, David, ed. _94091 |
||
| 942 | _cBK | ||
| 999 |
_c5034 _d5034 |
||